000 00628nam a2200217Ia 4500
001 5494
003 GE_BSU
008 181216s||||||||xx |||||||||||||| ||und||
040 _cGE_BSU
080 _a510(09)
245 _aИстория отечественной математики.
245 _cГл. ред. И.З. Штокало.
260 _aКиев
260 _bНаукова думка
260 _c1967
300 _a882 с. 24 см.
653 _aИстория отечественной математики.
653 _aМатематика
653 _aმათემატიკა
942 _cBK
999 _c39005
_d39005